• 首页
  • 本馆介绍
  • 公告通知
  • 最新文献
  • 馆藏检索
  • 电子资源
  • 读者导购
  • 参考咨询
  • 我的图书馆
  • 登录
  • 详细信息显示
  • 放入我的书架
  • 预约/预借图书
  • 作者相关作品
  • 分类相关作品
  • 丛书相关作品
  • 出版社相关作品

书目信息

  • 表格格式
  • 工作单格式
  • 卡片格式
题名:
告别伊咪
    
 
作者: 铁凝 著
分册:  
出版信息: 北京   作家出版社  1997
页数: 506页
开本: 20cm
丛书名: 铁凝自选集
单 册:
中图分类: I247.7 , I217.2
科图分类:
主题词: 短篇小说--中国--现代--选集 , 文学--作品集--中国
电子资源:
ISBN: 7-5063-1117-8
000 00791nam2 2200265 45
001 0197024879
005 20040414201236.0
010    @a7-5063-1117-8@z7-5063-1118-8@dCNY25.50
100    @a19970822d1997 em y0chiy0121 ea
101 0  @achi
102    @aCN@b110000
105    @af z 000ay
106    @ar
200 10 @a告别伊咪@Agao bie yi mi@f铁凝著
210    @a北京@c作家出版社@d1997
215    @a506页@c彩照@d20cm
225 2  @a铁凝自选集
410  0 @120010@a铁凝自选集
606    @a短篇小说@y中国@z现代@x选集
606 0  @a文学@x作品集@x中国
690    @aI247.7@v3
690    @aI217.2@v3
701  0 @a铁凝@Atie ning@4著
801  0 @aCN@bNLC@c19970905
905    @f1@b284043@f1@b283554@f1@b283556@f1@b284046@f1@b284044@f1@b284042@f1@b284045@f1@b283555@f1@b283557@dI217.2@e362:2
    
    告别伊咪/铁凝著.-北京:作家出版社,1997
    506页:彩照;20cm.-(铁凝自选集)
    
    
    ISBN 7-5063-1117-8:CNY25.50
    
●
相关链接 在E读中查询图书 在五车中查询图书 在当当中查询图书 在豆瓣中查询图书


正题名:告别伊咪     索取号:I217.2/362:2         预约/预借

序号 登录号 条形码 馆藏地/架位号 状态 备注
1 0283554   002835542   第二借阅区/ [索取号:I217.2/362:2] 在馆    
2 0283555   002835551   第二借阅区/ [索取号:I217.2/362:2] 在馆    
3 0283556   002835560   第二借阅区/ [索取号:I217.2/362:2] 在馆    
4 0283557   002835579   第二借阅区/ [索取号:I217.2/362:2] 在馆    
5 0283558   002835588   第一样本阅览室/ [索取号:I217.2/362:2] 在馆    
6 0284042   002840420   第二借阅区/ [索取号:I217.2/362:2] 在馆    
7 0284043   002840439   第二借阅区/ [索取号:I217.2/362:2] 在馆    
8 0284044   002840448   第二借阅区/ [索取号:I217.2/362:2] 在馆    
9 0284045   002840457   第二借阅区/ [索取号:I217.2/362:2] 在馆    
10 0284046   002840466   第二借阅区/ [索取号:I217.2/362:2] 在馆    
唐山师范学院图书馆 欢迎您!
大连网信软件有限公司© 版权所有